000 00571nam a2200205Ii 4500
003 JO-AjNU
008 230606s9999||||xx |||||||||||||| ||und||
017 _a1936/9/2001
040 _aJO-AjNU
_beng
_erda
_cJO-AjNU
041 _aeng
050 1 4 _aPE1067 2001
100 3 _aMaharmh,Abdulla تأليف,
_eauthor
_93617
245 0 0 _aLearn To Speak English
264 3 1 _aAmman:Auther,2001
300 _a112p
336 _atext
_btxt
_2rdacontent
337 _aunmediated
_bn
_2rdamedia
338 _avolume
_bnc
_2rdacarrier
650 4 _aEnglish-English Language
_93618
999 _aE1887
_c1887
_d1887